[Event "Titled Tuesday intern op 15th Aug Late"]
[Site "Chess.com INT"]
[Date "2023.08.15"]
[Round "5"]
[White "Olenik Campa, Rudi"]
[Black "Papp, Levente"]
[Result "0-1"]
[WhiteElo "2298"]
[BlackElo "2346"]
[PlyCount "86"]
[EventDate "2023.08.15"]
[EventType "swiss (blitz)"]
[EventRounds "11"]
[EventCountry "USA"]
[SourceTitle "EXT 2024"]
[Source "ChessBase"]
[SourceDate "2023.10.10"]
[SourceVersion "1"]
[SourceVersionDate "2023.10.10"]
[SourceQuality "1"]

1. e4 e6 2. d4 d5 3. exd5 exd5 4. Bd3 Nc6 5. c3 Bd6 6. Nf3 Nge7 7. 0-0 Bg4 8. a4 Qd7 9. b4 0-0 10. Nbd2 Ng6 11. Re1 Rfe8 12. h3 Rxe1+ 13. Qxe1 Re8 14. Qf1 Bf5 15. Nb3 Be4 16. Be2 Qf5 17. b5 Nd8 18. Nc5 Nf4 19. Bxf4 Qxf4 20. g3 Qf6 21. Nh2 Bxc5 22. dxc5 Qxc3 23. Rc1 Qb4 24. Qd1 Ne6 25. c6 b6 26. Bf3 Nd4 27. Bxe4 Rxe4 28. Kg2 h6 29. Qh5 Qd6 30. Rd1 Re5 31. Qg4 Ne6 32. Nf3 Re2 33. Nd4 Re4 34. Nf5 Rxg4 35. Nxd6 Rxa4 36. Nc8 d4 37. Ne7+ Kf8 38. Nd5 Ra5 39. Rb1 a6 40. bxa6 Rxd5 41. Ra1 Rd8 42. Kf3 Ra8 43. a7 Nd8 0-1

[Event "Titled Tuesday intern op 15th Aug Late"]
[Site "Chess.com INT"]
[Date "2023.08.15"]
[Round "7"]
[White "Paravyan, David"]
[Black "Papp, Levente"]
[Result "0-1"]
[WhiteElo "2597"]
[BlackElo "2346"]
[PlyCount "68"]
[EventDate "2023.08.15"]
[EventType "swiss (blitz)"]
[EventRounds "11"]
[EventCountry "USA"]
[SourceTitle "EXT 2024"]
[Source "ChessBase"]
[SourceDate "2023.10.10"]
[SourceVersion "1"]
[SourceVersionDate "2023.10.10"]
[SourceQuality "1"]

1. e4 e6 2. d4 d5 3. Nc3 Bb4 4. e5 Ne7 5. a3 Bxc3+ 6. bxc3 b6 7. Qg4 Ng6 8. h4 h5 9. Qg3 Ba6 10. Bxa6 Nxa6 11. Ne2 Qd7 12. a4 c5 13. 0-0 Rc8 14. Bg5 cxd4 15. cxd4 Rxc2 16. Qf3 Rc4 17. Rfc1 Nb8 18. Ng3 Nc6 19. Nxh5 Nxd4 20. Nxg7+ Kf8 21. Qf6 Ne2+ 22. Kf1 Nxc1 23. h5 Qe7 24. Nxe6+ Qxe6 25. Qd8+ Kg7 26. Bf6+ Kh6 27. Bxh8 Rh4 28. Rxc1 Rh1+ 29. Ke2 Qg4+ 30. f3 Qxg2+ 31. Ke3 Rxc1 32. hxg6 Qg1+ 33. Kf4 Rc4+ 34. Kf5 Qxg6# 0-1

[Event "Titled Tuesday intern op 01st Aug Late"]
[Site "Chess.com INT"]
[Date "2023.08.01"]
[Round "1"]
[White "Uzcategui Rodriguez, Alejandro"]
[Black "Papp, Levente"]
[Result "0-1"]
[WhiteElo "2256"]
[BlackElo "2346"]
[PlyCount "82"]
[EventDate "2023.08.01"]
[EventType "swiss (blitz)"]
[EventRounds "11"]
[EventCountry "USA"]
[SourceTitle "EXT 2024"]
[Source "ChessBase"]
[SourceDate "2023.10.10"]
[SourceVersion "1"]
[SourceVersionDate "2023.10.10"]
[SourceQuality "1"]

1. d4 c6 2. Nf3 g6 3. Bg5 Qb6 4. Nbd2 Qxb2 5. e3 d5 6. Be2 Nf6 7. Bxf6 exf6 8. c4 dxc4 9. Bxc4 Bg7 10. 0-0 0-0 11. Rb1 Qa3 12. h3 Nd7 13. Qc2 Nb6 14. Bd3 Be6 15. Rb2 Rac8 16. Ne4 Bf5 17. Rfb1 Bxe4 18. Bxe4 f5 19. Bd3 Rfd8 20. Rb3 Qe7 21. a4 c5 22. dxc5 Rxc5 23. Qa2 Ra5 24. Bb5 Bf6 25. Rb4 Nd5 26. Rc4 Nc3 27. Rxc3 Bxc3 28. Qc4 Bf6 29. Qc2 a6 30. Bf1 Rc5 31. Qb3 Rd7 32. Qb6 Qd6 33. Qa7 b5 34. Qa8+ Rd8 35. Qb7 bxa4 36. Rb6 Qe7 37. Qxa6 Bg7 38. Qxa4 Rc1 39. Qb3 Rdd1 40. Rb8+ Bf8 41. Nd2 Rxd2 0-1

[Event "Titled Tuesday intern op 04th Jul Late"]
[Site "Chess.com INT"]
[Date "2023.07.04"]
[Round "10"]
[White "Papp, Levente"]
[Black "Molenda, Marcin"]
[Result "1-0"]
[WhiteElo "2346"]
[BlackElo "2400"]
[PlyCount "109"]
[EventDate "2023.07.04"]
[EventType "swiss (blitz)"]
[EventRounds "11"]
[EventCountry "USA"]
[SourceTitle "EXT 2024"]
[Source "ChessBase"]
[SourceDate "2023.10.10"]
[SourceVersion "1"]
[SourceVersionDate "2023.10.10"]
[SourceQuality "1"]

1. b3 g6 2. Bb2 Nf6 3. Nf3 Bg7 4. g3 0-0 5. Bg2 c5 6. c4 Nc6 7. 0-0 d5 8. cxd5 Nxd5 9. Bxg7 Kxg7 10. d4 cxd4 11. Nxd4 Nxd4 12. Qxd4+ Nf6 13. Qb2 Qb6 14. Nc3 Bd7 15. Nd5 Qe6 16. Nc7 Qg4 17. Nxa8 Rxa8 18. Rac1 Bc6 19. Bxc6 bxc6 20. Rxc6 Rd8 21. Rc7 Rd5 22. f3 Qe6 23. Rc4 Qe3+ 24. Rf2 Rd2 25. Qc3 Rd1+ 26. Kg2 Qb6 27. Rf1 Rd6 28. e4 e5 29. Rf2 Nd7 30. Rd2 h5 31. Rxd6 Qxd6 32. Qc2 h4 33. Rc3 Qe6 34. Rc6 h3+ 35. Kf2 Qe7 36. Qc3 Nf8 37. Rc5 Kf6 38. f4 Nd7 39. Rd5 Kg7 40. fxe5 Nf8 41. e6+ Kh7 42. g4 Nxe6 43. Qxh3+ Kg8 44. Qg3 Qb4 45. Qe3 Qa3 46. Rd2 Qa5 47. e5 Qb5 48. h4 Qb4 49. Kg3 Nc5 50. Rd4 Qa3 51. Rc4 Ne6 52. h5 Qb2 53. hxg6 fxg6 54. Rc8+ Kf7 55. Qxa7+ 1-0

[Event "Titled Tuesday intern op 04th Jul Late"]
[Site "Chess.com INT"]
[Date "2023.07.04"]
[Round "5"]
[White "Taboas Rodriguez, Daniel"]
[Black "Papp, Levente"]
[Result "1-0"]
[WhiteElo "2374"]
[BlackElo "2346"]
[PlyCount "75"]
[EventDate "2023.07.04"]
[EventType "swiss (blitz)"]
[EventRounds "11"]
[EventCountry "USA"]
[SourceTitle "EXT 2024"]
[Source "ChessBase"]
[SourceDate "2023.10.10"]
[SourceVersion "1"]
[SourceVersionDate "2023.10.10"]
[SourceQuality "1"]

1. d4 e6 2. c4 b6 3. Nc3 Bb7 4. Nf3 Nf6 5. Bg5 h6 6. Bh4 Be7 7. e3 Ne4 8. Nxe4 Bxh4 9. Bd3 f5 10. Nc3 0-0 11. 0-0 d6 12. Qc2 Bxf3 13. gxf3 f4 14. Kh1 Kh8 15. Rg1 c6 16. Rg4 fxe3 17. fxe3 g5 18. Rag1 Rxf3 19. Rxh4 gxh4 20. Qg2 Rf7 21. Qg6 Qf8 22. Ne4 Nd7 23. Nxd6 Re7 24. Rf1 Qg7 25. Nf7+ Rxf7 26. Rxf7 Qxg6 27. Bxg6 Nf8 28. Be4 Rc8 29. Kg2 c5 30. d5 Rd8 31. Kh3 exd5 32. Bxd5 Nd7 33. Kxh4 Ne5 34. Rxa7 Rd6 35. Kh5 b5 36. b3 bxc4 37. bxc4 Nd7 38. e4 1-0

[Event "Titled Tuesday intern op 04th Jul Late"]
[Site "Chess.com INT"]
[Date "2023.07.04"]
[Round "8"]
[White "Toolin, Christopher"]
[Black "Papp, Levente"]
[Result "0-1"]
[WhiteElo "2165"]
[BlackElo "2346"]
[PlyCount "108"]
[EventDate "2023.07.04"]
[EventType "swiss (blitz)"]
[EventRounds "11"]
[EventCountry "USA"]
[SourceTitle "EXT 2024"]
[Source "ChessBase"]
[SourceDate "2023.10.10"]
[SourceVersion "1"]
[SourceVersionDate "2023.10.10"]
[SourceQuality "1"]

1. c4 b6 2. Nc3 Bb7 3. Nf3 Nf6 4. d3 g6 5. g3 Bg7 6. Bg2 0-0 7. 0-0 c5 8. Rb1 d6 9. a3 Nbd7 10. Bd2 e6 11. Bf4 Qe7 12. b4 Rfd8 13. Nb5 Nf8 14. e4 e5 15. Be3 Ne6 16. Ng5 Nd4 17. Bxd4 cxd4 18. a4 a6 19. Na3 Nd7 20. f4 a5 21. bxa5 Rxa5 22. Nb5 Nc5 23. h4 h6 24. Nh3 Rxa4 25. f5 gxf5 26. Rxf5 Bc8 27. Rf2 Rf8 28. Qe2 Bd7 29. Nc7 Be6 30. Nxe6 fxe6 31. Rxb6 Ra1+ 32. Kh2 Rxf2 33. Nxf2 Ra8 34. Bh3 Rf8 35. Kg2 Kh8 36. Rb1 Na4 37. Rf1 Nc3 38. Qh5 Qf6 39. Qg4 d5 40. Qxe6 Qf3+ 41. Kh2 dxe4 42. Nxe4 Qe2+ 43. Bg2 Rxf1 44. Qc8+ Rf8 45. Qe6 Nxe4 46. dxe4 d3 47. c5 d2 48. Qd7 d1Q 49. c6 Qxd7 50. cxd7 Rd8 51. Kh3 Rxd7 52. h5 Rd2 53. g4 Qxg2+ 54. Kh4 Qh2# 0-1

[Event "Titled Tuesday intern op 27th Jun Late"]
[Site "Chess.com INT"]
[Date "2023.06.27"]
[Round "7"]
[White "Galperin, Platon"]
[Black "Papp, Levente"]
[Result "1-0"]
[WhiteElo "2551"]
[BlackElo "2349"]
[PlyCount "81"]
[EventDate "2023.06.27"]
[EventType "swiss (blitz)"]
[EventRounds "11"]
[EventCountry "USA"]
[SourceTitle "EXT 2024"]
[Source "ChessBase"]
[SourceDate "2023.10.10"]
[SourceVersion "1"]
[SourceVersionDate "2023.10.10"]
[SourceQuality "1"]

1. d4 e6 2. Nf3 Nf6 3. Bf4 b6 4. e3 Bb7 5. Nbd2 Bd6 6. Bg3 0-0 7. Bd3 h6 8. e4 Bxg3 9. hxg3 d6 10. Qe2 e5 11. dxe5 dxe5 12. Nxe5 Qd4 13. Nec4 Re8 14. c3 Qc5 15. f3 Nbd7 16. 0-0-0 Rad8 17. Ne3 Ne5 18. Bc2 Qa5 19. Kb1 Ba6 20. c4 Qb4 21. a3 Qf8 22. f4 Nc6 23. Nf5 Nd4 24. Nxd4 Rxd4 25. e5 Nd7 26. Nf3 Bxc4 27. Qe3 Rxd1+ 28. Rxd1 Nc5 29. b4 g6 30. bxc5 bxc5 31. Qc3 Rb8+ 32. Kc1 Be6 33. Nd2 c4 34. Ne4 Rb5 35. g4 Bxg4 36. Nf6+ Kg7 37. Nxg4 h5 38. e6+ Kh7 39. Nf6+ Kh6 40. e7 Qb8 41. e8Q 1-0

[Event "Titled Tuesday intern op 27th Jun Late"]
[Site "Chess.com INT"]
[Date "2023.06.27"]
[Round "10"]
[White "Krzyzanowski, Marcin"]
[Black "Papp, Levente"]
[Result "0-1"]
[WhiteElo "2512"]
[BlackElo "2349"]
[PlyCount "180"]
[EventDate "2023.06.27"]
[EventType "swiss (blitz)"]
[EventRounds "11"]
[EventCountry "USA"]
[SourceTitle "EXT 2024"]
[Source "ChessBase"]
[SourceDate "2023.10.10"]
[SourceVersion "1"]
[SourceVersionDate "2023.10.10"]
[SourceQuality "1"]

1. Nf3 Nf6 2. g3 b6 3. Bg2 Bb7 4. 0-0 g6 5. c4 c5 6. Nc3 Bg7 7. d4 cxd4 8. Qxd4 0-0 9. Rd1 Na6 10. Qh4 Rc8 11. Bh6 Bxh6 12. Qxh6 Bxf3 13. exf3 Nb4 14. b3 d6 15. Rd2 a6 16. a4 Qc7 17. Rad1 Qc5 18. h4 Qe5 19. Qe3 Qxe3 20. fxe3 Nd7 21. Bh3 f5 22. e4 Nc5 23. exf5 gxf5 24. Re2 Rf7 25. Nd5 Nxd5 26. Rxd5 Rcf8 27. g4 Nxb3 28. gxf5 Nc5 29. Ra2 Rg7+ 30. Kf2 a5 31. Bg4 Kf7 32. Ke3 Rh8 33. h5 Kf6 34. Ra1 Rhg8 35. Rdd1 Rxg4 36. fxg4 Rxg4 37. Rdb1 Nd7 38. Rg1 Rxc4 39. Rg8 Rc3+ 40. Kd2 Rh3 41. Rd8 Ne5 42. Rc1 Rxh5 43. Rb8 Rh2+ 44. Ke3 Rb2 45. Rf8+ Kg7 46. Rb8 Kf6 47. Rf8+ Kg7 48. Re8 Rb3+ 49. Kd4 Kf7 50. Rh8 Rb4+ 51. Kd5 Kg7 52. Rb8 Kf6 53. Rf8+ Kg7 54. Rb8 Rxa4 55. Rg1+ Kf7 56. Rh8 Rh4 57. Rgg8 Nd7 58. Rd8 Nf6+ 59. Kc6 a4 60. Ra8 Rc4+ 61. Kb5 Rc5+ 62. Kxb6 Rxf5 63. Rxa4 h5 64. Rc4 d5 65. Rcc8 d4 66. Rcd8 e5 67. Rhf8+ Kg6 68. Rd6 Kg5 69. Rf7 h4 70. Rg7+ Kf4 71. Kc6 Ne4 72. Rh6 Ke3 73. Rxh4 d3 74. Rgg4 Nf6 75. Rg3+ Rf3 76. Rxf3+ Kxf3 77. Rh6 Ng4 78. Rh3+ Ke2 79. Rg3 d2 80. Rxg4 d1Q 81. Re4+ Kf3 82. Rxe5 Kf4 83. Rd5 Qa4+ 84. Kc5 Ke4 85. Rd6 Qa3+ 86. Kc6 Ke5 87. Rd5+ Ke6 88. Rc5 Qa6+ 89. Kc7 Qd6+ 90. Kb7 Qxc5 0-1

[Event "Zalakaros Barczay Memorial"]
[Site "Zalakaros"]
[Date "2023.06.07"]
[Round "5"]
[White "Papp, Levente"]
[Black "Dobai, Szabolcs"]
[Result "1-0"]
[WhiteElo "2349"]
[BlackElo "2116"]
[PlyCount "119"]
[EventDate "2023.06.03"]
[EventType "swiss"]
[EventRounds "9"]
[EventCountry "HUN"]
[SourceTitle "CBM 214 Extra"]
[Source "ChessBase"]
[SourceDate "2023.07.31"]
[SourceVersion "1"]
[SourceVersionDate "2023.07.31"]
[SourceQuality "1"]

1. Nf3 c5 2. g3 b6 3. Bg2 Bb7 4. 0-0 Nf6 5. c4 e6 6. Nc3 Be7 7. Re1 Ne4 8. Qc2 Nxc3 9. dxc3 Qc7 10. Bf4 d6 11. Rad1 Nc6 12. h4 h6 13. h5 Rd8 14. g4 Bf6 15. Rd2 Ke7 16. Red1 Ne5 17. Bxe5 dxe5 18. Rxd8 Rxd8 19. Rxd8 Kxd8 20. Nd2 Bxg2 21. Kxg2 Qc6+ 22. Kg1 Kc7 23. b4 cxb4 24. cxb4 Be7 25. b5 Qd6 26. Nf3 Bf6 27. Qe4 Kb8 28. Kg2 Qc7 29. Ne1 Qb7 30. Kf3 Be7 31. Nd3 Bd6 32. a4 f6 33. e3 a6 34. Qxb7+ Kxb7 35. Ke4 axb5 36. cxb5 Kc7 37. Nb2 Kd7 38. Nc4 Bc7 39. f4 exf4 40. exf4 Bd8 41. f5 e5 42. Kd5 Bc7 43. a5 bxa5 44. b6 Bb8 45. Nxa5 Kc8 46. Kc6 e4 47. b7+ Kd8 48. Nc4 Ke7 49. Kd5 Kd7 50. Kxe4 Kc6 51. Na5+ Kc5 52. Nb3+ Kb6 53. Kd5 Kxb7 54. Nc5+ Kc8 55. Ke6 Ba7 56. Ne4 Bd4 57. Kf7 Kd7 58. Kxg7 Ke7 59. Kxh6 Kf7 60. Nd6+ 1-0

[Event "Titled Tuesday intern op 06th Jun Late"]
[Site "Chess.com INT"]
[Date "2023.06.06"]
[Round "11"]
[White "Papp, Levente"]
[Black "Matlakov, Maxim"]
[Result "0-1"]
[WhiteElo "2349"]
[BlackElo "2662"]
[PlyCount "188"]
[EventDate "2023.06.06"]
[EventType "swiss (blitz)"]
[EventRounds "11"]
[EventCountry "USA"]
[SourceTitle "EXT 2024"]
[Source "ChessBase"]
[SourceDate "2023.10.10"]
[SourceVersion "1"]
[SourceVersionDate "2023.10.10"]
[SourceQuality "1"]

1. Nf3 d5 2. b3 Bg4 3. Bb2 Nd7 4. c4 e6 5. d3 Ngf6 6. Nbd2 Be7 7. g3 0-0 8. Bg2 a5 9. a3 c6 10. 0-0 Qb6 11. h3 Bh5 12. Ra2 Rfc8 13. Qa1 h6 14. Bc3 c5 15. cxd5 exd5 16. d4 a4 17. bxa4 Rxa4 18. Rb1 Qa7 19. Qb2 Bg6 20. Qxb7 Rc7 21. Qxa7 Rcxa7 22. Rba1 Ne4 23. Bb2 c4 24. Nxe4 Bxe4 25. Nd2 Bxg2 26. Kxg2 Bb4 27. Nb1 Nb6 28. Nc3 Bxc3 29. Bxc3 R4a6 30. f3 f5 31. Bb4 Na4 32. Kf2 Re6 33. Re1 Ra8 34. e3 Rae8 35. Rae2 Kf7 36. g4 g6 37. gxf5 gxf5 38. h4 Rg6 39. Rg1 Rge6 40. Rge1 h5 41. Rg1 f4 42. Rge1 Kf6 43. e4 dxe4 44. Rxe4 Rxe4 45. Rxe4 Rc8 46. Rxf4+ Ke6 47. Re4+ Kd5 48. Ke3 c3 49. Re5+ Kc4 50. Ke2 c2 51. Kd2 Kb3 52. Kc1 Nb6 53. Re3+ Ka4 54. Re2 Nd5 55. Rxc2 Rg8 56. Rc5 Rg1+ 57. Kd2 Rg2+ 58. Kd3 Nf4+ 59. Ke4 Ne2 60. Rxh5 Ng3+ 61. Ke5 Nxh5 62. d5 Re2+ 63. Kd4 Nf6 64. d6 Re6 65. Kc5 Nd7+ 66. Kc6 Nf6 67. Kc7 Re2 68. f4 Rc2+ 69. Kd8 Kb5 70. Ke7 Nd5+ 71. Kf7 Kc6 72. f5 Rf2 73. Ke6 Nf4+ 74. Kf6 Nd5+ 75. Ke6 Nf4+ 76. Kf6 Kd7 77. Bc5 Nd5+ 78. Ke5 Nc3 79. Bb4 Re2+ 80. Kf6 Nd5+ 81. Kg7 Nxb4 82. axb4 Kxd6 83. f6 Ke6 84. f7 Rg2+ 85. Kf8 Rf2 86. h5 Rxf7+ 87. Kg8 Rf2 88. h6 Rg2+ 89. Kf8 Rf2+ 90. Kg8 Ke7 91. h7 Rg2+ 92. Kh8 Kf7 93. b5 Rd2 94. b6 Rd8# 0-1

[Event "Zalakaros Barczay Memorial"]
[Site "Zalakaros"]
[Date "2023.06.05"]
[Round "3"]
[White "Papp, Levente"]
[Black "Hrbolka, Ladislav"]
[Result "1-0"]
[WhiteElo "2349"]
[BlackElo "2062"]
[PlyCount "55"]
[EventDate "2023.06.03"]
[EventType "swiss"]
[EventRounds "9"]
[EventCountry "HUN"]
[SourceTitle "CBM 214 Extra"]
[Source "ChessBase"]
[SourceDate "2023.07.31"]
[SourceVersion "1"]
[SourceVersionDate "2023.07.31"]
[SourceQuality "1"]

1. c4 e6 2. Nf3 d5 3. g3 Nf6 4. Bg2 dxc4 5. 0-0 Nc6 6. Qa4 Qd5 7. Nc3 Qc5 8. b3 Bd7 9. Qxc4 Qxc4 10. bxc4 Bb4 11. Nb5 0-0 12. Nxc7 Rac8 13. Nb5 a6 14. Na3 Na5 15. Rb1 Bd6 16. d3 e5 17. Nc2 b5 18. Bd2 Nc6 19. cxb5 axb5 20. Ng5 h6 21. Ne4 Nxe4 22. Bxe4 Ne7 23. Bb4 Rxc2 24. Bxd6 Re8 25. Rfc1 Rcc8 26. Bxe5 Bc6 27. Bxc6 Nxc6 28. Rxb5 1-0

[Event "Zalakaros Barczay Memorial"]
[Site "Zalakaros"]
[Date "2023.06.03"]
[Round "1"]
[White "Papp, Levente"]
[Black "Korcz, Sandor"]
[Result "1-0"]
[WhiteElo "2349"]
[BlackElo "1907"]
[PlyCount "90"]
[EventDate "2023.06.03"]
[EventType "swiss"]
[EventRounds "9"]
[EventCountry "HUN"]
[SourceTitle "CBM 214 Extra"]
[Source "ChessBase"]
[SourceDate "2023.07.31"]
[SourceVersion "1"]
[SourceVersionDate "2023.07.31"]
[SourceQuality "1"]

1. c4 e6 2. Nf3 Nf6 3. g3 d5 4. Bg2 Nbd7 5. b3 Be7 6. 0-0 0-0 7. Bb2 Re8 8. Nc3 c6 9. Qc2 dxc4 10. bxc4 Qa5 11. d4 e5 12. dxe5 Nxe5 13. Nxe5 Qxe5 14. Nd5 Qd6 15. Nf4 Ng4 16. h3 Ne5 17. Rfd1 Qc5 18. Bd4 Qxc4 19. Qb2 Ng6 20. Nxg6 hxg6 21. Bxg7 Ba3 22. Qxa3 Kxg7 23. e3 Qe2 24. Rab1 Bf5 25. Qc3+ Kg8 26. Re1 Qa6 27. Rb4 Qa5 28. Rc1 Re7 29. Qb2 Qc7 30. Rc5 Qd6 31. Rcc4 Qe6 32. Rh4 Qe5 33. Qxe5 Rxe5 34. Rxb7 Ra5 35. Rb2 Rc8 36. Rc4 c5 37. Bd5 Rc7 38. f3 Bd3 39. Rc3 c4 40. e4 Kg7 41. Kf2 Rd7 42. Bxc4 Bxc4 43. Rxc4 Ra3 44. Kg2 Rdd3 45. Rf2 a5 1-0

[Event "Budapest Vezerkepzo IM-B 04"]
[Site "Budapest"]
[Date "2023.04.17"]
[Round "5"]
[White "Jakab, Attila"]
[Black "Papp, Levente"]
[Result "1-0"]
[WhiteElo "2320"]
[BlackElo "2353"]
[PlyCount "117"]
[EventDate "2023.04.13"]
[EventType "tourn"]
[EventRounds "9"]
[EventCountry "HUN"]
[SourceTitle "CBM 213 Extra"]
[Source "ChessBase"]
[SourceDate "2023.05.31"]
[SourceVersion "1"]
[SourceVersionDate "2023.05.31"]
[SourceQuality "1"]

1. d4 Nf6 2. c4 g6 3. Nc3 d5 4. Nf3 Bg7 5. Bf4 0-0 6. Rc1 dxc4 7. e4 c5 8. dxc5 Qa5 9. e5 Nh5 10. Be3 Rd8 11. Nd2 Nc6 12. g4 Nxe5 13. gxh5 Bg4 14. Be2 Nd3+ 15. Kf1 Bh3+ 16. Kg1 Nxc1 17. Qxc1 Qc7 18. Nde4 b5 19. h6 Bh8 20. Nxb5 Qc6 21. Qxc4 Be6 22. Qc2 Rab8 23. Nxa7 Qc7 24. Nb5 Qe5 25. b3 Bd5 26. Nbc3 Bc6 27. f3 Qh5 28. Ng3 Qh4 29. Nce4 Bd4 30. Qc1 Bxe4 31. Nxe4 Qxh6 32. Kf2 Qg7 33. Rd1 Bxe3+ 34. Qxe3 Rxd1 35. Bxd1 Qe5 36. Kg2 Rd8 37. Be2 f5 38. f4 Qxe4+ 39. Qxe4 fxe4 40. Kf2 Kf7 41. Ke3 Ke6 42. Kxe4 Kd7 43. b4 Kc6 44. Ke3 Rb8 45. a3 h6 46. Kd4 Rf8 47. b5+ Kd7 48. Bg4+ Kd8 49. Ke5 Kc7 50. a4 g5 51. f5 h5 52. Bf3 g4 53. b6+ Kc8 54. Bd5 h4 55. a5 Rd8 56. a6 Rxd5+ 57. Kxd5 g3 58. Kc6 Kb8 59. Kd7 1-0

[Event "Budapest Vezerkepzo IM-B 04"]
[Site "Budapest"]
[Date "2023.04.16"]
[Round "4"]
[White "Papp, Levente"]
[Black "Adithya, A Chullikkad"]
[Result "1-0"]
[WhiteElo "2353"]
[BlackElo "2259"]
[PlyCount "149"]
[EventDate "2023.04.13"]
[EventType "tourn"]
[EventRounds "9"]
[EventCountry "HUN"]
[SourceTitle "CBM 213 Extra"]
[Source "ChessBase"]
[SourceDate "2023.05.31"]
[SourceVersion "1"]
[SourceVersionDate "2023.05.31"]
[SourceQuality "1"]

1. c4 Nf6 2. g3 g6 3. Bg2 Bg7 4. Nc3 c5 5. e4 d6 6. Nge2 Nc6 7. 0-0 0-0 8. d3 Rb8 9. Rb1 a6 10. a3 Nd7 11. b4 Nd4 12. Be3 Nxe2+ 13. Nxe2 b6 14. d4 cxd4 15. Bxd4 Bxd4 16. Qxd4 Bb7 17. Rbc1 Rc8 18. Rfd1 Qc7 19. f4 Rfd8 20. Qe3 Qb8 21. Bh3 Qc7 22. Nc3 Ba8 23. Nd5 Bxd5 24. exd5 Re8 25. Bxd7 Qxd7 26. Qxb6 Qa4 27. Rd3 a5 28. Qxa5 Qxa5 29. bxa5 Rc5 30. Kf2 Rxa5 31. Ke3 Rea8 32. Rcc3 Kf8 33. Rb3 Ke8 34. Kd4 R8a7 35. g4 Kf8 36. Re3 Rc5 37. g5 Kg7 38. Rb4 Rca5 39. a4 Kf8 40. Rb8+ Kg7 41. Re8 Rc5 42. R8xe7 Rxa4 43. Rc3 Rc8 44. Rd7 Ra6 45. Ke4 Re8+ 46. Kf3 Rc8 47. h3 Ra4 48. Rxd6 Raxc4 49. Rxc4 Rxc4 50. Rc6 Rd4 51. d6 f5 52. Ke3 Rd1 53. Rc7+ Kf8 54. d7 Ke7 55. d8Q+ Kxd8 56. Rxh7 Re1+ 57. Kd4 Re4+ 58. Kd5 Ke8 59. Rg7 Rxf4 60. Rxg6 Kf7 61. Rh6 Re4 62. h4 Kg7 63. h5 Ra4 64. Rc6 f4 65. h6+ Kh7 66. Rc7+ Kg8 67. g6 Ra8 68. Ke4 f3 69. Kxf3 Ra3+ 70. Ke4 Ra4+ 71. Kd5 Ra5+ 72. Rc5 Ra8 73. Ke5 Re8+ 74. Kf5 Rf8+ 75. Kg5 1-0

[Event "Titled Tuesday intern op 11th Apr Early"]
[Site "Chess.com INT"]
[Date "2023.04.11"]
[Round "4"]
[White "Leyva Rivera, Yunier"]
[Black "Papp, Levente"]
[Result "0-1"]
[WhiteElo "2337"]
[BlackElo "2353"]
[PlyCount "176"]
[EventDate "2023.04.11"]
[EventType "swiss (blitz)"]
[EventRounds "11"]
[EventCountry "USA"]
[SourceTitle "CBM 213 Extra"]
[Source "ChessBase"]
[SourceDate "2023.05.31"]
[SourceVersion "1"]
[SourceVersionDate "2023.05.31"]
[SourceQuality "1"]

1. d4 Nf6 2. Nf3 b6 3. g3 Bb7 4. Bg2 g6 5. 0-0 Bg7 6. b3 0-0 7. Bb2 c5 8. c4 cxd4 9. Qxd4 d5 10. cxd5 Qxd5 11. Nc3 Qh5 12. Qh4 Qxh4 13. Nxh4 Bxg2 14. Kxg2 Nc6 15. Rac1 Rac8 16. Rfd1 Ne4 17. Nxe4 Bxb2 18. Rc2 Ba3 19. Rd7 f5 20. Ng5 Rf6 21. Ngf3 Bc5 22. e3 a5 23. a4 Kf7 24. h3 Ke8 25. Rd1 Rd8 26. Rxd8+ Kxd8 27. g4 e5 28. gxf5 gxf5 29. Rd2+ Ke7 30. Kf1 e4 31. Ne1 Ke6 32. Neg2 Rh6 33. Nf4+ Kf6 34. Nhg2 Ne5 35. Rd8 Nf3 36. Rc8 Kf7 37. Rc7+ Ke8 38. Ke2 Rd6 39. Rxh7 Rd2+ 40. Kf1 Rd1+ 41. Ke2 Rd2+ 42. Kf1 Bd6 43. Rh6 Kd7 44. Rh7+ Kc6 45. Rh6 Kc5 46. h4 Kb4 47. h5 Kxb3 48. Re6 Kxa4 49. h6 Bb4 50. h7 Rd1+ 51. Ke2 Rh1 52. Rxb6 Rxh7 53. Nd5 Rd7 54. Ngf4 Kb3 55. Kf1 Nd2+ 56. Kg2 Nc4 57. Rb5 Rg7+ 58. Kh3 Ne5 59. Kh4 Rg4+ 60. Kh5 Nf3 61. Kh6 Rg1 62. Rb6 Rc1 63. Kg6 Rc4 64. Kxf5 a4 65. Nxb4 Rxb4 66. Rxb4+ Kxb4 67. Kxe4 a3 68. Nd5+ Kb3 69. Kxf3 a2 70. Ke4 a1Q 71. f3 Kc4 72. Nf4 Qf6 73. Ne2 Kc5 74. f4 Qe6+ 75. Kf3 Qd5+ 76. Kf2 Kc4 77. Ng3 Kd3 78. e4 Qd4+ 79. Kf3 Qg7 80. Nf5 Qg1 81. Ng3 Qd1+ 82. Kf2 Kd4 83. Kg2 Qg4 84. f5 Ke3 85. f6 Kf4 86. Kf1 Qxg3 87. f7 Qf3+ 88. Ke1 Ke3 0-1

[Event "Titled Tuesday intern op 04th Apr Late"]
[Site "Chess.com INT"]
[Date "2023.04.04"]
[Round "9"]
[White "Makaraci, Tunahan"]
[Black "Papp, Levente"]
[Result "0-1"]
[WhiteElo "2296"]
[BlackElo "2353"]
[PlyCount "66"]
[EventDate "2023.04.04"]
[EventType "swiss (blitz)"]
[EventRounds "11"]
[EventCountry "USA"]
[SourceTitle "EXT 2024"]
[Source "ChessBase"]
[SourceDate "2023.10.10"]
[SourceVersion "1"]
[SourceVersionDate "2023.10.10"]
[SourceQuality "1"]

1. e4 e6 2. d4 d5 3. Nc3 Bb4 4. Nge2 Ne7 5. a3 Ba5 6. exd5 exd5 7. g3 c6 8. Bg2 0-0 9. 0-0 Bf5 10. b4 Bc7 11. Bf4 Nd7 12. Bxc7 Qxc7 13. Nf4 Nb6 14. Re1 Rfe8 15. Nd3 Ng6 16. Qh5 Bxd3 17. cxd3 Re7 18. Qg4 Rae8 19. Rxe7 Qxe7 20. h4 Qf6 21. h5 Nf8 22. a4 Nc8 23. a5 Ne6 24. Re1 Nd6 25. Nxd5 cxd5 26. Bxd5 Nxd4 27. Rxe8+ Nxe8 28. Qc8 Qe7 29. Bxb7 Kf8 30. Qc5 Qxc5 31. bxc5 Nb3 32. c6 Nxa5 33. d4 Ke7 0-1

[Event "Titled Tuesday intern op 04th Apr Late"]
[Site "Chess.com INT"]
[Date "2023.04.04"]
[Round "2"]
[White "Martinez Alcantara, Jose Eduardo"]
[Black "Papp, Levente"]
[Result "1-0"]
[WhiteElo "2607"]
[BlackElo "2353"]
[PlyCount "89"]
[EventDate "2023.04.04"]
[EventType "swiss (blitz)"]
[EventRounds "11"]
[EventCountry "USA"]
[SourceTitle "EXT 2024"]
[Source "ChessBase"]
[SourceDate "2023.10.10"]
[SourceVersion "1"]
[SourceVersionDate "2023.10.10"]
[SourceQuality "1"]

1. e4 e6 2. d4 d5 3. Nd2 Nc6 4. c3 e5 5. exd5 Qxd5 6. Ngf3 exd4 7. Bc4 Qf5 8. 0-0 Be6 9. Bxe6 fxe6 10. Nxd4 Nxd4 11. cxd4 Qd5 12. Qa4+ c6 13. Nf3 Nf6 14. Bf4 Bd6 15. Bxd6 Qxd6 16. Rfe1 0-0 17. Qb3 Nd5 18. Ng5 Qf4 19. Qg3 Nc7 20. Re4 Qxg3 21. hxg3 Rad8 22. Rae1 h6 23. Nf3 Rd5 24. a4 Rfd8 25. b3 c5 26. Rc1 Na6 27. Rc4 cxd4 28. Rexd4 Rxd4 29. Nxd4 e5 30. Nf5 Rd1+ 31. Kh2 Kf7 32. b4 Rd2 33. b5 Rxf2 34. bxa6 bxa6 35. Ne3 Rf6 36. Rc5 Re6 37. g4 Kg6 38. Kg3 Rd6 39. Rxe5 Rd3 40. Kf3 Rd4 41. Re6+ Kg5 42. Rxa6 h5 43. Ra5+ Kg6 44. gxh5+ Kf6 45. g4 1-0